| 000 | 00724nam a22002657a 4500 | ||
|---|---|---|---|
| 008 | 130423b xxu||||| |||| 00| 0 eng d | ||
| 020 | _a984-809-017-7 | ||
| 024 | _cavailable | ||
| 037 | _cavailable | ||
| 040 |
_ambstu library _dmbstu library |
||
| 082 |
_222 _a657 SEA |
||
| 100 | _aSen, Dilip Kumar | ||
| 110 | _aM David Haddock and Horace R Brock | ||
| 245 | _aAn Insight into depreciation Accounting | ||
| 250 | _a1st th edition | ||
| 260 |
_aDhaka _bUGC _c2004 |
||
| 300 |
_a24 cm _b406 page _f2 _g24 cm |
||
| 600 | _aAccounting | ||
| 700 | _aSen, Dilip Kumar | ||
| 710 | _aHaddock M David | ||
| 270 |
_aDhaka _bDhaka _dBangladesh |
||
| 365 |
_b350.00 _d350.00 |
||
| 942 |
_2ddc _cBK |
||
| 999 |
_c188 _d188 |
||